Planeación estratégica de capacitación empresarial./ (Registro nro. 9092)

Detalles MARC
000 -LEADER
fixed length control field 00899nam a2200205Ia 4500
005 - FECHA Y HORA DE LA ÚLTIMA TRANSACCIÓN
control field 20250606181136.0
008 - FIXED-LENGTH DATA ELEMENTS--GENERAL INFORMATION
fixed length control field 230903s9999 xx 000 0 und d
020 ## - INTERNATIONAL STANDARD BOOK NUMBER
International Standard Book Number 9701027787
040 ## - CATALOGING SOURCE
Original cataloging agency UPAN
Transcribing agency Biblioteca San Vicente
Description conventions RCAA2
041 ## - LANGUAGE CODE
Language code of text/sound track or separate title spa
082 ## - DEWEY DECIMAL CLASSIFICATION NUMBER
Classification number 658.312 404
Item number P568p
año de publicación 2000
100 ## - MAIN ENTRY--PERSONAL NAME
Personal name Pinto Villatoro, Roberto
Relator code aut.
245 #0 - TITLE STATEMENT
Title Planeación estratégica de capacitación empresarial./
Remainder of title Roberto Pinto
250 ## - EDITION STATEMENT
Edition statement 1° ed.
260 ## - PUBLICATION, DISTRIBUTION, ETC. (IMPRINT)
Place of publication, distribution, etc México:
Name of publisher, distributor, etc McGraw Hill,
Date of publication, distribution, etc 2000
300 ## - PHYSICAL DESCRIPTION
Extent 206 p.;
Dimensions 23 cm.
505 ## - FORMATTED CONTENTS NOTE
Formatted contents note I. Introducción<br/>II. Marco conceptual<br/>III. Planeación estratégica <br/>IV. Marcoevaluación de los procesos de capacitación (metodología Capinte para auditar sistemas de capacitación)<br/>V. Planeación táctica y operativa<br/>VI. Políticas y normatividad <br/>VII. Plan maestro de capacitación
650 ## - SUBJECT ADDED ENTRY--TOPICAL TERM
Source of heading or term LEMB
Topical term or geographic name as entry element Estratégica
General subdivision Administración
942 ## - ADDED ENTRY ELEMENTS (KOHA)
Koha item type Libros
Source of classification or shelving scheme Dewey Decimal Classification
Existencias
Withdrawn status Lost status Source of classification or shelving scheme Damaged status Not for loan Collection code Home library Current library Date acquired Total Checkouts Full call number Barcode Date last seen Copy number Price effective from Koha item type
    Dewey Decimal Classification     Colección General Biblioteca UPAN San Vicente Biblioteca UPAN San Vicente 03/09/2023   658.312 404 P568p 12001737 03/09/2023 01 03/09/2023 Libros
    Dewey Decimal Classification     Colección General Biblioteca UPAN San Vicente Biblioteca UPAN San Vicente 03/09/2023   658.312 404 P568p 12001718 04/09/2023 02 03/09/2023 Libros
    Dewey Decimal Classification     Colección General Biblioteca UPAN San Vicente Biblioteca UPAN San Vicente 03/09/2023   658.312 404 P568p 12001717 04/09/2023 03 03/09/2023 Libros